Evaluation of Hesitance in Surveys Related to Education during and after Covid-19 Pandemic
Pandémia covidu už dlhší čas výrazne ovplyvňuje rôzne aktivity. Vzdelávací proces je jedným z najviac ovplyvnených, pretože zahŕňa živé a dynamické vzťahy medzi študentmi a učiteľmi. Vyhodnotenie všetkých skupín zainteresovaných strán, ktorých sa pandemická situácia dotkla. Zameranie na váhavosť pri...
Gespeichert in:
| 1. Verfasser: | |
|---|---|
| Weitere Verfasser: | , , , , , |
| Format: | Buchkapitel |
| Sprache: | Englisch |
| Schlagworte: | |
| Tags: |
Keine Tags, Fügen Sie das erste Tag hinzu!
|
MARC
| LEADER | 00000naa$a2200000$$$4500 | ||
|---|---|---|---|
| 001 | 0298148 | ||
| 005 | 20240502084006.1 | ||
| 041 | 0 | |a eng | |
| 044 | |a CZ | ||
| 245 | 1 | 0 | |a Evaluation of Hesitance in Surveys Related to Education during and after Covid-19 Pandemic |c Miroslav Hudec, Miljan Vučetić, František Zapletal, Taťána Funioková, Erika Mináriková, Miloš Švaňa, Radek Němec |
| 520 | |a Pandémia covidu už dlhší čas výrazne ovplyvňuje rôzne aktivity. Vzdelávací proces je jedným z najviac ovplyvnených, pretože zahŕňa živé a dynamické vzťahy medzi študentmi a učiteľmi. Vyhodnotenie všetkých skupín zainteresovaných strán, ktorých sa pandemická situácia dotkla. Zameranie na váhavosť pri poskytovaní kategorických odpovedí. | ||
| 610 | 2 | 0 | |a závislosť sociálna |
| 610 | 2 | 0 | |a prieskum |
| 610 | 2 | 0 | |a vzdelávanie |
| 610 | 2 | 0 | |a hodnotenie výskumu |
| 610 | 2 | 0 | |a hodnotenie práce |
| 610 | 2 | 0 | |a pandémia |
| 610 | 2 | 0 | |a študenti |
| 610 | 2 | 0 | |a pedagógovia |
| 610 | 2 | 0 | |a učitelia |
| 100 | 1 | |a Hudec, Miroslav, 1969- | |
| 700 | 1 | |a Vučetić, Miljan | |
| 700 | 1 | |a Zapletal, František | |
| 700 | 1 | |a Funioková, Taťána | |
| 700 | 1 | |a Mináriková, Erika, 1996- | |
| 700 | 1 | |a Švaňa, Miloš | |
| 700 | 1 | |a Němec, Radek | |